Características de los hogares de los estudiantes Sexto grado de Primaria en el contexto de la Evaluación Diagnóstica de 2022 (Record no. 14667)
[ view plain ]
| 000 -LEADER | |
|---|---|
| campo de control de longitud fija | 01655nam a22002057a 4500 |
| 005 - FECHA Y HORA DE LA ÚLTIMA TRANSACCIÓN | |
| campo de control | 20260618115433.0 |
| 008 - DATOS DE LONGITUD FIJA--INFORMACIÓN GENERAL | |
| campo de control de longitud fija | 260618b |||||||| |||| 00| 0 spa d |
| 020 ## - NÚMERO INTERNACIONAL ESTÁNDAR DEL LIBRO | |
| Número Internacional Estándar del Libro | 978-9945-513-21-9 |
| 040 ## - FUENTE DE CATALOGACIÓN | |
| Centro catalogador/agencia de origen | IDEICE, Instituto Dominicano de Evaluación e Investigación de la Calidad Educativa |
| Centro/agencia transcriptor | IDEICE |
| Normas de descripción | RDA |
| 082 ## - NÚMERO DE LA CLASIFICACIÓN DECIMAL DEWEY | |
| Número de clasificación | IDEICE 371.26 Ins 59c |
| 110 ## - ENTRADA PRINCIPAL--NOMBRE DE ENTIDAD CORPORATIVA | |
| Nombre de entidad corporativa o nombre de jurisdicción como elemento de entrada | IDEICE, Instituto Dominicano de Evaluación e Investigación de la Calidad Educativa |
| 245 ## - MENCIÓN DEL TÍTULO | |
| Título | Características de los hogares de los estudiantes Sexto grado de Primaria en el contexto de la Evaluación Diagnóstica de 2022 |
| Mención de responsabilidad, etc. | IDEICE |
| 260 ## - PUBLICACIÓN, DISTRIBUCIÓN, ETC. | |
| Lugar de publicación, distribución, etc. | Santo Domingo, República Dominicana |
| Nombre del editor, distribuidor, etc. | IDEICE |
| Fecha de publicación, distribución, etc. | 2025 |
| 300 ## - DESCRIPCIÓN FÍSICA | |
| Dimensiones | 70p. |
| 505 ## - NOTA DE CONTENIDO CON FORMATO | |
| Nota de contenido con formato | La Evaluación Diagnóstica Nacional de Sexto grado (2022) ofrece una visión actualizada del aprendizaje estudiantil en la República Dominicana tras la pandemia, mediante un riguroso diseño muestral con estándares de confiabilidad internacional. El informe analiza información clave proveniente de estudiantes, docentes y familias, con especial énfasis en los datos de la Encuesta Familiar, para comprender cómo las condiciones del hogar, la relación familia–escuela y el contexto socioeconómico influyen en el rendimiento académico. |
| 650 ## - PUNTO DE ACCESO ADICIONAL DE MATERIA--TÉRMINO DE MATERIA | |
| Término de materia o nombre geográfico como elemento de entrada | Educación--República Dominicana; Evaluación educativa--República Dominicana; Nivel primario-prueba diagnóstica-; familia-escuela; rendimiento académico. |
| 710 ## - ENTRADA AGREGADA--NOMBRE DE ENTIDAD CORPORATIVA | |
| Nombre de entidad corporativa o nombre de jurisdicción como elemento de entrada | IDEICE |
| 856 ## - LOCALIZACIÓN Y ACCESO ELECTRÓNICOS | |
| Identificador Uniforme de Recurso | <a href="https://ideice.gob.do/documentacion/publicaciones-id-225-caracteristicas-de-los-hogares-de-los-estudiantes-sexto-grado-de-primaria-en-el-contexto-de-la-evaluacion-diagnostica-de-2022">https://ideice.gob.do/documentacion/publicaciones-id-225-caracteristicas-de-los-hogares-de-los-estudiantes-sexto-grado-de-primaria-en-el-contexto-de-la-evaluacion-diagnostica-de-2022</a> |
| 942 ## - ELEMENTOS DE ENTRADA SECUNDARIOS (KOHA) | |
| Fuente de la clasificación o esquema de estantería | Clasificación Decimal Dewey |
| Tipo de ítem Koha | Libros |
| Suprimir en OPAC | No |
| Estatus retirado | Estado de pérdida | Fuente de la clasificación o esquema de estantería | Estado de daño | No para préstamo | Biblioteca de origen | Biblioteca actual | Fecha de adquisición | Total de préstamos | Visto por última vez | Identificador uniforme de recursos | Precio de reemplazo | Tipo de ítem Koha |
|---|---|---|---|---|---|---|---|---|---|---|---|---|
| Clasificación Decimal Dewey | Repositorio IDEICE | Repositorio IDEICE | 18/06/2026 | 18/06/2026 | https://ideice.gob.do/documentacion/publicaciones-id-225-caracteristicas-de-los-hogares-de-los-estudiantes-sexto-grado-de-primaria-en-el-contexto-de-la-evaluacion-diagnostica-de-2022 | 18/06/2026 | Libros |